000 02922cam a22011654i 4500
003 PE-LiUPU
005 20250813185441.0
008 150623s r 000 0 d
035 _a(Sirsi) a25848
040 _aPE-LiUPU
_bspa
_cPE-LiUPU
_erda
082 0 4 _a363.46
_bR78
_221
245 0 4 _aThe reborn and the unborn /
_cJohn Youngberg.
264 1 _aGreenfield Drive Berrien Springs, MI :
_bMarriage and Family Commitment Seminars,
_c1988.
300 _a89 páginas :
_bilustraciones, gráficos ;
_c20 cm.
336 _atext
_2rdacontent
337 _aunmediated
_2rdamedia
338 _avolume
_2rdacarrier
504 _aIncluye bibliografía.
505 0 _aThe tip of the iceberg. Is the fetus a person?. How does the Bible regard the fetus?. Echoes from the ancient past. A family who cares. The non - stance. Facing the challenge. Abortion makes a lot of sense if.. Child sacrifice.
526 _aP202
526 _aP201
526 _aP163
526 _aP162
526 _aP161
526 _aP160
526 _aP148
526 _aP147
526 _aP146
526 _aP145
526 _aP144
526 _aP143
526 _aP142
526 _aP141
526 _aP140
526 _aP139
526 _aP138
526 _aP137
526 _aP136
526 _aP135
526 _aP134
526 _aP133
526 _aP129
526 _aP128
526 _aP127
526 _aP120
526 _aP119
526 _aP118
526 _aP116
526 _aP115
526 _aP114
526 _aP110
526 _aP109
526 _aP108
526 _aP104
526 _aP103
526 _aP102
526 _aP99
526 _aP98
526 _aP97
526 _aP96
526 _aP95
526 _aP93
526 _aP90
526 _aP89
526 _aP88
526 _aP83
526 _aP82
526 _aP62
526 _aP59
526 _aP58
526 _aP57
526 _aP51
526 _aP49
526 _aP48
526 _aP47
526 _aP29
526 _aP24
526 _aP20
526 _aP19
526 _aP17
526 _aP15
526 _aP14
526 _aP12
526 _aP10
526 _aP09
526 _aP08
526 _aP07
526 _aP06
526 _aP05
526 _aP04
526 _aP01
650 0 4 _aAborto
_xAspectos morales y éticos.
700 1 _aYoungberg, John,
_eed.
700 1 _aYoungberg, Millie,
_eed.
942 _2ddc
_cBOOK
949 _a363.46 R78
_wDEWEY
_c1
_i51058
_lCCODEBUL1
_mBUL
_p10.00
_r0
_sY
_tBOOK
_u2015-06-24
_xTEOLOGIA
_PP35
_0COMPRA
_o.STAFF. Colección General
596 _a1
999 _a363.46 R78
_wDEWEY
_c32814
_i51058
_f2021-11-4
_g6
_lCCODEBUL1
_mBUL
_p10.00
_r0
_sY
_tBOOK
_u2015-6-24
_xBIBLIOTECA
_PP35
_0COMPRA
_o.STAFF. Colección General
_d32814
980 _81
_gALBERTO SANCHEZ Responsable de Automatización